000 00616nam a22001931a 4500
001 6056
003 OSt
005 20260204212038.0
008 060303s1979||||dr ||||||b||||||||||spa||
050 _aRD 796.07 R299p
100 _aPila Teleña, Augusto
110 _aRepública Dominicana. Secretaría de Estado de Deportes, Educación Física y Recreación
245 _aPreparación física para equipos juveniles / Augusto Pila Teleña
264 _aSanto Domingo : SEDEFIR
300 _a120 p
500 _aIncluye bibliografía
650 _a1.Entrenamiento Deportivo-Educación FísicaÌ
942 _2ddc
_cBK
999 _c6056
_d6056